| 000 | 00558nam a2200145Ia 4500 | ||
|---|---|---|---|
| 008 | 170221s9999 xx 000 0 und d | ||
| 100 | _aPavel P. Baranov | ||
| 245 | _aManagement of the Conservative Political Platform of the Transformation Public-power Organization in Eurasia | ||
| 245 | _cPavel P. Baranov, Alexey Y. Mamychev, Alexey I. Ovchinnikov | ||
| 260 | _bInternational Review of Management and Marketing | ||
| 260 | _cAugust 2014 | ||
| 300 | _a3:3 | ||
| 650 | _xMarketing. | ||
| 856 | _uhttp://www.econjournals.com/index.php/irmm/issue/view/86 | ||
| 999 |
_c310249 _d310249 |
||